• 首页
  • 本馆介绍
  • 公告通知
  • 最新文献
  • 馆藏检索
  • 电子资源
  • 读者导购
  • 参考咨询
  • 我的图书馆
  • 登录
  • 详细信息显示
  • 放入我的书架
  • 预约/预借图书
  • 作者相关作品
  • 分类相关作品
  • 丛书相关作品
  • 出版社相关作品

书目信息

  • 表格格式
  • 工作单格式
  • 卡片格式
题名:
办公室日常工作艺术
    
 
作者: 刘智勇 , 刘国金 主编
分册:  
出版信息: 成都   电子科技大学出版社  1996
页数: 232页
开本: 21cm
丛书名: 现代秘书艺术全书
单 册:
中图分类: C931.4
科图分类:
主题词: 办公室--工作--基本知识 , 办公室 , 工作
电子资源:
ISBN: 7-81043-563-9
000 00934oam2 2200289 45
001 01200620000021
005 20070705145458.45
010    @a7-81043-563-9@dCNY214.00(全10册)
092    @aCN@b493187
100    @a20060506e20051996em y0chiy0120 ea
101 0  @achi
102    @aCN@b510000
105    @ak z 000yy
200 1  @a办公室日常工作艺术@93ban gong shi ri chang gong zuo yi shu@f刘智勇,刘国金主编
210    @a成都@c电子科技大学出版社@d1996@h2005重印
215    @a232页@d21cm
225 2  @a现代秘书艺术全书
330    @a本书主要内容:办公室工作概述、公文的识别艺术、接待工作艺术、值班工作艺术、印章管理工作艺术、电话工作艺术等。
461  0 @12001 @a现代秘书艺术全书
606 0  @a办公室@x工作@x基本知识
606 0  @a办公室
606 0  @a工作
690    @aC931.4@v4
701  0 @a刘智勇@9liu zhi yong@4主编
701  0 @a刘国金@9liu guo jin@4主编
801  0 @aCN@bLZJBOOK@c20070705
905    @a10447@dC931.4@e332
    
    办公室日常工作艺术/刘智勇,刘国金主编.-成都:电子科技大学出版社,1996(2005重印)
    232页;21cm.-(现代秘书艺术全书)
    
    
    ISBN 7-81043-563-9:CNY214.00(全10册)
    本书主要内容:办公室工作概述、公文的识别艺术、接待工作艺术、值班工作艺术、印章管理工作艺术、电话工作艺术等。
●
相关链接 在E读中查询图书 在五车中查询图书 在当当中查询图书 在豆瓣中查询图书


正题名:办公室日常工作艺术     索取号:C931.4/332         预约/预借

序号 登录号 条形码 馆藏地/架位号 状态 备注
1 0563941   205639415   第一样本阅览室/ [索取号:C931.4/332] 在馆    
2 0563942   205639424   第一借阅区/ [索取号:C931.4/332] 在馆    
3 0563943   205639433   密集书库/ [索取号:C931.4/332] 在馆    
4 0563944   205639442   密集书库/ [索取号:C931.4/332] 在馆    
5 0563945   205639451   密集书库/ [索取号:C931.4/332] 在馆    
6 0563946   205639460   教育系资料室/ [索取号:C931.4/332] 在馆    
7 0563947   205639479   教育系资料室/ [索取号:C931.4/332] 在馆    
8 0563948   205639488   第一借阅区/ [索取号:C931.4/332] 在馆    
唐山师范学院图书馆 欢迎您!
大连网信软件有限公司© 版权所有